000
00205 a2200097 4500
001
46251
100
_a
Redmayne
245
_a
Transport by land
260
_a
London
_b
John Murray
_c
090
_c
29366
_d
29366
942
_a
NUST-CAE
_c
M
_c
21520
999
_c
281324
_d
281324